MARC details
| 000 -LEADER |
| fixed length control field |
01616cam a2200421 4500 |
| 001 - CONTROL NUMBER |
| control field |
ABS64688 |
| 008 - FIXED-LENGTH DATA ELEMENTS--GENERAL INFORMATION |
| fixed length control field |
011022n2001 000 0 eng u |
| 035 ## - SYSTEM CONTROL NUMBER |
| System control number |
(Sirsi) u115238 |
| 100 ## - MAIN ENTRY--PERSONAL NAME |
| Personal name |
Mills, S. |
| 245 ## - TITLE STATEMENT |
| Title |
Landlord and tenant update |
| 260 ## - PUBLICATION, DISTRIBUTION, ETC. |
| Date of publication, distribution, etc. |
2001 |
| 490 ## - SERIES STATEMENT |
| Series statement |
Solicitors' Journal |
| Volume/sequential designation |
145(35) 21 September 2001, 853-857(3) |
| 520 ## - SUMMARY, ETC. |
| Summary, etc. |
Provides an update of legal cases affecting landlord and tenant law. Looks at notices served under the Landlord and Tenant Act 1954; forfeiture; distress; the Landlord and Tenant (Covenants) Act 1954; rent review; the Rent Act 1977; assured tenancies; and service charges. Case law. |
| 590 ## - LOCAL NOTE (RLIN) |
| Local note |
ABS |
| 650 ## - SUBJECT ADDED ENTRY--TOPICAL TERM |
| Topical term or geographic name entry element |
ASSURED TENANCIES |
| 650 ## - SUBJECT ADDED ENTRY--TOPICAL TERM |
| Topical term or geographic name entry element |
LANDLORD AND TENANT LAW |
| 650 ## - SUBJECT ADDED ENTRY--TOPICAL TERM |
| Topical term or geographic name entry element |
BUSINESS TENANCIES |
| 650 ## - SUBJECT ADDED ENTRY--TOPICAL TERM |
| Topical term or geographic name entry element |
SERVICE CHARGES |
| 650 ## - SUBJECT ADDED ENTRY--TOPICAL TERM |
| Topical term or geographic name entry element |
RENT ACT 1977 |
| 650 ## - SUBJECT ADDED ENTRY--TOPICAL TERM |
| Topical term or geographic name entry element |
LANDLORD AND TENANT ACT 1954 |
| 650 ## - SUBJECT ADDED ENTRY--TOPICAL TERM |
| Topical term or geographic name entry element |
RENT REVIEWS |
| 650 ## - SUBJECT ADDED ENTRY--TOPICAL TERM |
| Topical term or geographic name entry element |
LANDLORD AND TENANT (COVENANTS) ACT 1995 |
| 650 ## - SUBJECT ADDED ENTRY--TOPICAL TERM |
| Topical term or geographic name entry element |
DISTRESS |
| 650 ## - SUBJECT ADDED ENTRY--TOPICAL TERM |
| Topical term or geographic name entry element |
FORFEITURE |
| 650 ## - SUBJECT ADDED ENTRY--TOPICAL TERM |
| Topical term or geographic name entry element |
SUNLIFE ASSURANCE PLC V RACAL TRACS LTD |
| 650 ## - SUBJECT ADDED ENTRY--TOPICAL TERM |
| Topical term or geographic name entry element |
VISCOUNT CHELSEA V MORRIS |
| 650 ## - SUBJECT ADDED ENTRY--TOPICAL TERM |
| Topical term or geographic name entry element |
BARCLAYS BANK PLC V BEE |
| 650 ## - SUBJECT ADDED ENTRY--TOPICAL TERM |
| Topical term or geographic name entry element |
BLAND V INGRAMS ESTATES LTD |
| 650 ## - SUBJECT ADDED ENTRY--TOPICAL TERM |
| Topical term or geographic name entry element |
FULLER V HAPPY SHOPPER MARKETS |
| 650 ## - SUBJECT ADDED ENTRY--TOPICAL TERM |
| Topical term or geographic name entry element |
BHP PETROLEUM GREAT BRITAIN LTD V CHESTERFIELD PROPERTIES LTD |
| 650 ## - SUBJECT ADDED ENTRY--TOPICAL TERM |
| Topical term or geographic name entry element |
STARMARK ENTERPRISES V CPL DISTRIBUTION |
| 650 ## - SUBJECT ADDED ENTRY--TOPICAL TERM |
| Topical term or geographic name entry element |
STIRLING V LEADENHALL RESIDENTIAL |
| 650 ## - SUBJECT ADDED ENTRY--TOPICAL TERM |
| Topical term or geographic name entry element |
BANKWAY PROPERTIES LTD V PENFOLD-DUNSFORD |
| 650 ## - SUBJECT ADDED ENTRY--TOPICAL TERM |
| Topical term or geographic name entry element |
R V LONDON LVT EX P DAEJAN PROPERTIES LTD |
| 690 ## - LOCAL SUBJECT ADDED ENTRY--TOPICAL TERM (OCLC, RLIN) |
| Topical term or geographic name as entry element |
Landlord and tenant |
| 9 (RLIN) |
6252 |
| 700 ## - ADDED ENTRY--PERSONAL NAME |
| Personal name |
Joss, N. |
| 942 ## - ADDED ENTRY ELEMENTS (KOHA) |
| Suppress in OPAC |
0 |